000 00409nam a2200157Ia 4500
008 210719s1991 xx 000 0 und d
020 _a0449217655
041 _aeng
082 _a174 BLAP
100 _aBLANCHARD (Kenneth) and PEALE (Norman Vincent)
245 _aPower of ethical management.
260 _aNew York.
_bFawcett Crest.,
_c1991
300 _axiv,141
_bPB
365 _cRs
650 _aEthics
999 _c213562
_d213562